Catalog

Record Details

Catalog Search



Snílci a vrahové  Cover Image Book Book

Snílci a vrahové / František Langer ; k vyd. připr. [a ediční pozn. naps.] Jarmila Víšková ; Josef Träger: František Langer vypravěč, [doslov]

Summary:

Druhý svazek z díla národního umělce zahrnuje dvanáct ukázek z jeho celoživotní povídkové tvorby. Výbor byl pořízen ze sbírek Kratší a delší (Muž, který se ztratil v své utopii), Snílci a vrahové (Lože čtyřandělíčkové, Veselé troubení, Včasná smrt), Předměstské povídky (Kruh, Harapanda, Uhlíř, straka a smrt, Nepřekročitelné vrcholy), Pražské legendy (Vodník pod vyšehradskou skálou, Vodník od Karlova mostu, Pan Jindřich, vodník na Františku) a samostatně vydané prózy Mrtví chodí mezi námi.

Record details

  • Physical Description: 173, [3] s. ; 8°
  • Edition: 1. vyd.
  • Publisher: Praha : Československý spisovatel, 1967

Content descriptions

General Note:
Obálka a vazba: Jiří Běhounek
5000 výt.
Genre: české povídky

Available copies

  • 1 of 1 copy available at Common Catalog SPOK.

Holds

  • 0 current holds with 1 total copy.
Show Only Available Copies
Location Call Number / Copy Notes Barcode Shelving Location Status Due Date
The Jewish community of Prague K 193 4638303366 K - Beletrie Available -

Electronic resources

Version of Resource: Digitalizovaný dokument


LDR 01721nam a22003011 4500
00155212
003CZ-PrJAB
00520170717133511.0
008971103s1967 xr ||| | cze
015 . ‡acnb000493152
035 . ‡a(CZ PrNK)bk196704292
035 . ‡a(OCoLC)7151774
040 . ‡aABA001 ‡bcze ‡cBOA001 ‡dABA001
072 7. ‡a821.162.3-3 ‡xČeská próza ‡2Konspekt ‡925
080 . ‡a885-32-821 ‡2undef
1001 . ‡aLanger, František, ‡d1888-1965 ‡7jk01071520 ‡4aut
24510. ‡aSnílci a vrahové / ‡cFrantišek Langer ; k vyd. připr. [a ediční pozn. naps.] Jarmila Víšková ; Josef Träger: František Langer vypravěč, [doslov]
250 . ‡a1. vyd.
260 . ‡aPraha : ‡bČeskoslovenský spisovatel, ‡c1967 ‡e(Vimperk : ‡fStráž)
300 . ‡a173, [3] s. ; ‡c
4901 . ‡aLanger, František: Výbor z díla ; ‡vSv. 2
500 . ‡aObálka a vazba: Jiří Běhounek
500 . ‡a5000 výt.
520 . ‡aDruhý svazek z díla národního umělce zahrnuje dvanáct ukázek z jeho celoživotní povídkové tvorby. Výbor byl pořízen ze sbírek Kratší a delší (Muž, který se ztratil v své utopii), Snílci a vrahové (Lože čtyřandělíčkové, Veselé troubení, Včasná smrt), Předměstské povídky (Kruh, Harapanda, Uhlíř, straka a smrt, Nepřekročitelné vrcholy), Pražské legendy (Vodník pod vyšehradskou skálou, Vodník od Karlova mostu, Pan Jindřich, vodník na Františku) a samostatně vydané prózy Mrtví chodí mezi námi.
655 7. ‡ačeské povídky ‡7fd133971 ‡2czenas
8001 . ‡aLanger, František, ‡d1888-1965. ‡tVýbor z díla
85641. ‡uhttp://krameriusndk.nkp.cz/search/handle/uuid:7bec5700-c6db-11e2-b6da-005056827e52 ‡yDigitalizovaný dokument
910 . ‡aABE461
995 . ‡aska
901 . ‡a55212 ‡bAUTOGEN ‡c55212 ‡tbiblio

Additional Resources